San Francisco de Asís. Su vida y su obra
Сохранить в:
| Главный автор: | |
|---|---|
| Формат: | |
| Язык: | испанский |
| Опубликовано: |
Santiago
Imprenta Buenaventura
1913
|
| Предметы: | |
| Метки: |
Добавить метку
Нет меток, Требуется 1-ая метка записи!
|
MARC
| LEADER | 00000nam a2200000 a 4500 | ||
|---|---|---|---|
| 001 | UCI5082 | ||
| 003 | CL-VaPUC | ||
| 008 | 080314e19130000CL |||||||||||||||||spa|d | ||
| 082 | 0 | 4 | |a 922.22 |b JOE |2 21 |
| 100 | |a Joergensen, Juan |e author |9 527175 | ||
| 245 | 1 | 0 | |a San Francisco de Asís. Su vida y su obra |
| 300 | |a 588 p | ||
| 942 | |c BK | ||
| 945 | |d 20080314 00:00:00 |a rbrito | ||
| 260 | |a Santiago |b Imprenta Buenaventura |c 1913 | ||
| 500 | |a Donación Padres Capuchinos | ||
| 600 | 0 | 7 | |a SAN FRANCISCO DE ASIS |2 CL-VaPUC |9 342281 |
| 650 | 0 | |a Biografías |9 255210 | |
| 650 | 7 | |a SANTO |2 CL-VaPUC |9 526878 | |
| 650 | 0 | |a Vida religiosa |9 257284 | |
| 583 | |a last modification |c 20080314 00:00:00 |k Rodrigo Vera | ||
| 999 | |c 328845 |d 328843 | ||
| 952 | |0 0 |1 0 |4 0 |6 922_220000000000000_JOE_1913 |7 0 |8 X |9 413025 |a FDOBUD |b FDOBUD |d 2019-11-22 |i 4411889 |o 922.22 JOE 1913 |p 4411889 |r 2019-11-22 |w 2019-11-22 |y BK_X |k BUD | ||